00539nam a2200217Ia 450000500170000000800460001702000180006303700100008104000080009104000080009904000080010704100080011504100080012308400080013110000210013924500480016026000080020826000090021665000350022585600610026020260306172721.0008 260114s9999 xx 000 0 eng d a9789354437120 aEBOOK aCRL beng cCRL 2eng aeng qCRL aSharma, Vinod K. 0aMatrix Methods And Vector Spaces In Physics bPHI c2009 aFaculty of Technology/ Physics uhttps://elibrary.phindia.com/ebooks/reader/9789354437120